[Event "DVM U20 2013"]
[Site "Osnabrück GER"]
[Date "2013.12.28"]
[Round "4"]
[White "Padva, Leo"]
[Black "Merker, Konstantin"]
[Result "1/2-1/2"]
[Termination "normal"]
[Board "3.6"]
[WhiteElo "1803"]
[BlackElo "1727"]
[WhiteTeam "SG Porz"]
[BlackTeam "TuS Coswig 1920"]
[WhiteFideId "12964379"]
[BlackFideId "12964239"]
[EventCountry "GER"]
[EventRounds "7"]
[EventType "team-swiss"]
[EventDate "2013.12.26"]

1. Nf3 Nf6 2. c4 c6 3. g3 d5 4. b3 Bg4 5. Bg2 Nbd7 6. O-O e6 7. Bb2 Bc5 8. d4
Be7 9. Nbd2 O-O 10. Re1 b5 11. c5 Qc7 12. e4 dxe4 13. Nxe4 Nd5 14. a3 N7f6 15.
Qc2 Rfd8 16. Ne5 Bf5 17. Qd2 Nxe4 18. Bxe4 Bxe4 19. Rxe4 a5 20. Qc2 Bf6 21. f4
a4 22. b4 Ne7 23. Rf1 Rd5 24. g4 Rad8 25. Qf2 Qc8 26. g5 Bxe5 27. fxe5 Nf5 28.
Rd1 Qd7 29. Rd3 Kh8 30. Rf4 Rxe5 31. Rh3 Rd5 32. Rfh4 Nxh4 33. Qxh4 Kg8 34.
Qxh7+ Kf8 35. Qh8+ Ke7 36. Qxg7 Rf8 37. Qf6+ Ke8 38. Rh8 Rxg5+ 39. Qxg5 Rxh8
40. d5 Rf8 41. d6 f6 42. Qg2 f5 43. Bg7 Rf7 44. Qg6 Kd8 45. Bf6+ Kc8 46. Be7
Rxe7 47. dxe7 Qxe7 48. Kf2 Kd7 49. Qh6 e5 50. Qh5 f4 51. Qg4+ Qe6 52. Qg7+ Ke8
53. Qh8+ Kd7 54. Qh7+ Ke8 55. Qh8+ Kf7 56. Qh7+ Kf6 57. Qh6+ Kf5 58. Qh3+ Kf6
59. Qh6+ Ke7 60. Qg7+ Kd8 61. Qf8+ Kd7 62. Qg7+ Ke8 63. Qh8+ Kd7 64. Qg7+ Ke8
1/2-1/2

[Event "DVM U20 2013"]
[Site "Osnabrück GER"]
[Date "2013.12.28"]
[Round "4"]
[White "Carow, Johannes"]
[Black "Böhm, Malte"]
[Result "1-0"]
[Termination "normal"]
[Board "4.1"]
[WhiteTitle "FM"]
[WhiteElo "2399"]
[BlackElo "2038"]
[WhiteTeam "Sfr.Heidesheim"]
[BlackTeam "SF Dortmund-Brackel 1930"]
[WhiteFideId "24692050"]
[BlackFideId "1270629"]
[EventCountry "GER"]
[EventRounds "7"]
[EventType "team-swiss"]
[EventDate "2013.12.26"]

1. d4 Nf6 2. c4 g6 3. Nc3 Bg7 4. e4 d6 5. f3 O-O 6. Be3 c5 7. Nge2 Nc6 8. d5
Ne5 9. Ng3 e6 10. Be2 exd5 11. cxd5 a6 12. O-O b5 13. a3 h5 14. b4 c4 15. Qd2
Nh7 16. a4 Bd7 17. Bd4 h4 18. Nh1 f5 19. f4 Nf7 20. axb5 axb5 21. Rxa8 Qxa8 22.
Bxg7 Kxg7 23. Qd4+ Kg8 24. e5 Be8 25. Nf2 g5 26. e6 Nh8 27. fxg5 Ng6 28. Nh3
Qd8 29. Bh5 1-0

[Event "DVM U20 2013"]
[Site "Osnabrück GER"]
[Date "2013.12.28"]
[Round "4"]
[White "Reisberg, Andre"]
[Black "Carow, Annelen"]
[Result "1-0"]
[Termination "normal"]
[Board "4.2"]
[WhiteElo "1994"]
[BlackElo "2044"]
[WhiteTeam "SF Dortmund-Brackel 1930"]
[BlackTeam "Sfr.Heidesheim"]
[WhiteFideId "1270630"]
[BlackFideId "24692492"]
[EventCountry "GER"]
[EventRounds "7"]
[EventType "team-swiss"]
[EventDate "2013.12.26"]

1. d4 Nf6 2. c4 c5 3. d5 b5 4. cxb5 a6 5. f3 e6 6. e4 exd5 7. e5 Qe7 8. Qe2 Ng8
9. Nc3 Bb7 10. Nh3 c4 11. Nf4 Qc5 12. Nfxd5 Bxd5 13. Be3 Qb4 14. a3 Qa5 15. Bd2
Be6 16. Nd5 Qd8 17. Qxc4 Bxd5 18. Qxd5 Ra7 19. Bc4 d6 20. bxa6 dxe5 21. Bb5+
Nd7 22. Be3 Ne7 23. Qxe5 Rxa6 24. Rd1 Re6 25. Rxd7 Rxe5 26. Rd5+ Nc6 27. Bxc6+
Ke7 28. Rxe5+ 1-0

[Event "DVM U20 2013"]
[Site "Osnabrück GER"]
[Date "2013.12.28"]
[Round "4"]
[White "Faldum, Manfred"]
[Black "Schwiddessen, Jan"]
[Result "1/2-1/2"]
[Termination "normal"]
[Board "4.3"]
[WhiteElo "1910"]
[BlackElo "1877"]
[WhiteTeam "Sfr.Heidesheim"]
[BlackTeam "SF Dortmund-Brackel 1930"]
[WhiteFideId "12921459"]
[BlackFideId "1270631"]
[EventCountry "GER"]
[EventRounds "7"]
[EventType "team-swiss"]
[EventDate "2013.12.26"]

1. Nf3 Nf6 2. g3 g6 3. Bg2 Bg7 4. c4 d6 5. O-O O-O 6. Nc3 Nc6 7. Rb1 a5 8. a3
e5 9. d3 h6 10. b4 axb4 11. axb4 Be6 12. b5 Ne7 13. Nd2 d5 14. Qb3 Rb8 15. Ba3
dxc4 16. Nxc4 Re8 17. Qc2 Nfd5 18. Ne4 f5 19. Nc5 Bf7 20. Bb2 Nc8 21. Ba1 Qe7
22. Nb3 Nd6 23. Nxd6 cxd6 24. Rfc1 Rec8 25. Qxc8+ Rxc8 26. Rxc8+ Kh7 27. Nd2
Qd7 28. Rc2 Bf6 29. Nc4 Bd8 30. Ra2 e4 31. Ra7 Qc7 32. Ra8 Bf6 33. b6 Qe7 34.
Bxf6 Qxf6 35. Rb8 Nc3 36. Re1 d5 37. Rxb7 dxc4 38. dxc4 Na4 39. Rb1 Nc5 40. Rc7
Na6 41. b7 Nb8 42. c5 Qe5 43. Rc8 Bd5 44. Bf1 e3 45. f3 f4 46. gxf4 Qxf4 47.
Bg2 h5 48. Rb6 Qe5 49. h3 h4 50. c6 Qg3 51. c7 Qf2+ 1/2-1/2

[Event "DVM U20 2013"]
[Site "Osnabrück GER"]
[Date "2013.12.28"]
[Round "4"]
[White "Raschkowski, Alexander"]
[Black "Beck, Michael"]
[Result "0-1"]
[Termination "normal"]
[Board "4.4"]
[WhiteElo "1748"]
[BlackElo "1958"]
[WhiteTeam "SF Dortmund-Brackel 1930"]
[BlackTeam "Sfr.Heidesheim"]
[WhiteFideId "12964263"]
[BlackFideId "1271924"]
[EventCountry "GER"]
[EventRounds "7"]
[EventType "team-swiss"]
[EventDate "2013.12.26"]

1. e4 e6 2. d4 d5 3. exd5 exd5 4. Bd3 Bd6 5. Nf3 Ne7 6. O-O Bg4 7. c3 Nbc6 8.
Re1 Qd7 9. Nbd2 O-O-O 10. b4 Rde8 11. Nb3 Ng6 12. Rxe8+ Rxe8 13. Nc5 Qe7 14.
Be3 Bf4 15. Bxf4 Nxf4 16. h3 Bd7 17. b5 Nd8 18. Ne5 Be6 19. Nxe6 Qxe6 20. Qa4
Kb8 21. Re1 Ka8 22. b6 cxb6 23. Bf5 Qe7 24. Nf3 Nfe6 25. Ne5 Rh8 26. Nd7 Qd6
27. Rb1 Nc6 28. Nxb6+ 0-1

[Event "DVM U20 2013"]
[Site "Osnabrück GER"]
[Date "2013.12.28"]
[Round "4"]
[White "Luzius, Jannik"]
[Black "Gesinghaus, Dustin"]
[Result "1/2-1/2"]
[Termination "normal"]
[Board "4.5"]
[WhiteElo "1619"]
[BlackElo "1716"]
[WhiteTeam "Sfr.Heidesheim"]
[BlackTeam "SF Dortmund-Brackel 1930"]
[WhiteFideId "1271981"]
[BlackFideId "12964271"]
[EventCountry "GER"]
[EventRounds "7"]
[EventType "team-swiss"]
[EventDate "2013.12.26"]

1. Nf3 g6 2. c4 Bg7 3. g3 c5 4. Bg2 Nc6 5. O-O e6 6. d3 Nge7 7. Na3 O-O 8. Rb1
Nb4 9. Bd2 a5 10. Bc3 Nxa2 11. Bxg7 Kxg7 12. Qd2 d5 13. b3 Nb4 14. cxd5 Nbxd5
15. Nb5 Qd7 16. Nc3 b5 17. Qb2 Kg8 18. Ne4 Qa7 19. Rfc1 b4 20. Ra1 Bb7 21. Nxc5
Rfc8 22. Nxb7 Qxb7 23. Rxc8+ Qxc8 24. h4 Qc7 25. Nh2 Rc8 26. Ng4 Nc3 27. Qd2
Nf5 28. e4 Nd4 29. Qg5 Nxb3 30. Nf6+ Kg7 31. Nh5+ Kg8 32. Nf6+ Kg7 1/2-1/2

[Event "DVM U20 2013"]
[Site "Osnabrück GER"]
[Date "2013.12.28"]
[Round "4"]
[White "Stemmler, Fabian"]
[Black "Pfeifer, Yannick"]
[Result "1-0"]
[Termination "normal"]
[Board "4.6"]
[WhiteElo "1556"]
[BlackElo "1385"]
[WhiteTeam "SF Dortmund-Brackel 1930"]
[BlackTeam "Sfr.Heidesheim"]
[WhiteFideId "12964808"]
[BlackFideId "12953105"]
[EventCountry "GER"]
[EventRounds "7"]
[EventType "team-swiss"]
[EventDate "2013.12.26"]

1. e4 e6 2. d4 d5 3. Nd2 a6 4. e5 Bd7 5. a4 Ne7 6. Bd3 Nf5 7. Ne2 Nc6 8. Nf3
Be7 9. O-O Nb4 10. Bxf5 exf5 11. Nf4 Be6 12. c3 Nc6 13. b3 Qd7 14. Ba3 O-O-O
15. Bxe7 Nxe7 16. Re1 h6 17. Nd3 Nc6 18. Nc5 Qe7 19. b4 Nb8 20. b5 a5 21. Qd3
b6 22. Nxe6 fxe6 23. c4 g5 24. Rec1 g4 25. cxd5 Rxd5 26. Nd2 Rhd8 27. Nb3 R8d7
28. Rc4 h5 29. Qe3 Qg7 30. Rac1 Kb7 31. Qc3 Qe7 32. Kf1 h4 33. Ke2 Qg7 34. Rc6
Qe7 35. Qe3 Ka7 36. R6c4 Qg7 37. Qd2 Kb7 38. Rc6 Nxc6 39. bxc6+ Ka7 40. cxd7
Rxd7 41. Nxa5 g3 42. Nc6+ Kb7 43. hxg3 hxg3 44. f3 Qh7 45. a5 Qh2 46. a6+ Ka8
47. Kd3 f4 48. Qxf4 Qh7+ 49. Ke2 Qg7 50. Qf6 Qxf6 51. exf6 Rf7 52. Rh1 Rf8 53.
Rh7 b5 54. Rxc7 1-0

[Event "DVM U20 2013"]
[Site "Osnabrück GER"]
[Date "2013.12.28"]
[Round "4"]
[White "Wenninger, Philipp"]
[Black "Di Capua, Francesco Stefano"]
[Result "1-0"]
[Termination "normal"]
[Board "5.2"]
[WhiteElo "2239"]
[BlackElo "1818"]
[WhiteTeam "SC Erlangen"]
[BlackTeam "SK Gernsheim"]
[WhiteFideId "4648404"]
[BlackFideId "24698903"]
[EventCountry "GER"]
[EventRounds "7"]
[EventType "team-swiss"]
[EventDate "2013.12.26"]

1. d4 d5 2. Nf3 Nf6 3. g3 e6 4. c4 dxc4 5. Bg2 c5 6. O-O Nc6 7. Qa4 Bd7 8. Qxc4
cxd4 9. Nxd4 Qb6 10. Nxc6 Bxc6 11. Be3 Qc7 12. Nc3 a6 13. Rac1 Bd6 14. Bxc6+
Qxc6 15. Qxc6+ bxc6 16. Rfd1 Nd5 17. Ne4 Be5 18. Bd4 Bxd4 19. Rxd4 Rb8 20. Rxc6
O-O 21. Rd2 Nb4 22. Rcd6 Nxa2 23. Rxa6 Nb4 24. Ra7 Nd5 25. Nc5 Nf6 26. Rb7 Rbc8
27. Nd7 Nxd7 28. Rdxd7 Rc2 29. Kf1 h5 30. b4 h4 31. gxh4 Rb2 32. b5 Ra8 33.
Rxf7 Rxb5 34. Rxg7+ Kh8 35. Rh7+ Kg8 36. Rxb5 Kxh7 37. Rg5 Ra4 38. h5 1-0

[Event "DVM U20 2013"]
[Site "Osnabrück GER"]
[Date "2013.12.28"]
[Round "4"]
[White "Müller, Markus"]
[Black "Zhao, Kevin"]
[Result "0-1"]
[Termination "normal"]
[Board "5.3"]
[WhiteElo "1807"]
[BlackElo "1867"]
[WhiteTeam "SK Gernsheim"]
[BlackTeam "SC Erlangen"]
[WhiteFideId "24660590"]
[BlackFideId "1271884"]
[EventCountry "GER"]
[EventRounds "7"]
[EventType "team-swiss"]
[EventDate "2013.12.26"]

1. c4 e6 2. e4 d5 3. exd5 exd5 4. cxd5 Nf6 5. Bb5+ Bd7 6. Be2 Nxd5 7. d4 Bb4+
8. Bd2 Bxd2+ 9. Qxd2 O-O 10. Nf3 Bg4 11. O-O Nd7 12. Nc3 N7f6 13. Rac1 c6 14.
h3 Bh5 15. Rfd1 Qd6 16. Na4 Nf4 17. Nc3 Rfe8 18. Ne5 Nxe2+ 19. Nxe2 Rad8 20. f3
Rxe5 21. dxe5 Qxd2 22. Rxd2 Rxd2 23. Ng3 Nd7 24. Nxh5 Nxe5 25. Rc5 f6 26. Ra5
a6 27. b3 Nd3 28. Ra4 Nc1 29. Rg4 g6 30. Nxf6+ Kg7 31. Ne4 Rxa2 32. Nc5 b6 33.
Nd7 b5 34. Nc5 a5 35. Re4 Re2 36. Ne6+ Kf6 37. Nd4 Rxe4 38. fxe4 a4 39. bxa4
bxa4 40. e5+ Kxe5 41. Nxc6+ Kd5 42. Nb4+ Kc4 43. Nc2 Kb3 44. Nd4+ Kb2 45. Nb5
Ne2+ 46. Kf2 Nc3 47. Nd6 Kb3 48. Nb7 a3 49. Nc5+ Kc4 0-1

[Event "DVM U20 2013"]
[Site "Osnabrück GER"]
[Date "2013.12.28"]
[Round "4"]
[White "Wegmann, Sven"]
[Black "Fornoff, Robin"]
[Result "0-1"]
[Termination "normal"]
[Board "5.4"]
[WhiteElo "1683"]
[BlackElo "1912"]
[WhiteTeam "SC Erlangen"]
[BlackTeam "SK Gernsheim"]
[WhiteFideId "1270756"]
[BlackFideId "24698890"]
[EventCountry "GER"]
[EventRounds "7"]
[EventType "team-swiss"]
[EventDate "2013.12.26"]

1. e4 c5 2. Nf3 a6 3. Nc3 e6 4. d4 cxd4 5. Nxd4 Qc7 6. Bd3 Nf6 7. a3 Be7 8. O-O
Nc6 9. Nb3 O-O 10. Bg5 Ne5 11. f4 Nxd3 12. Qxd3 d5 13. exd5 Rd8 14. Rad1 Nxd5
15. Bxe7 Qxe7 16. Ne4 Bd7 17. Ng5 Nf6 18. Qe2 Rac8 19. Nd4 h6 20. Ngf3 Qc5 21.
Kh1 Nd5 22. Ne5 Bb5 23. Nxb5 axb5 24. Rc1 Qe3 25. Qg4 Qd4 26. c3 Qd2 27. c4 Ne3
28. Qh5 Qxg2# 0-1

[Event "DVM U20 2013"]
[Site "Osnabrück GER"]
[Date "2013.12.28"]
[Round "4"]
[White "Rothermel, Tim"]
[Black "Karataev, Phillip"]
[Result "1-0"]
[Termination "normal"]
[Board "5.5"]
[WhiteElo "1759"]
[BlackElo "1652"]
[WhiteTeam "SK Gernsheim"]
[BlackTeam "SC Erlangen"]
[WhiteFideId "24660647"]
[BlackFideId "12908975"]
[EventCountry "GER"]
[EventRounds "7"]
[EventType "team-swiss"]
[EventDate "2013.12.26"]

1. Nf3 c5 2. b3 Nf6 3. Bb2 e6 4. e3 Be7 5. d4 b6 6. c4 d5 7. Be2 O-O 8. O-O Bb7
9. Nbd2 Nbd7 10. Ne5 Rc8 11. f4 Ne4 12. cxd5 Nxd2 13. Qxd2 exd5 14. Rf3 f5 15.
Rg3 Nf6 16. Bd3 Ne4 17. Bxe4 dxe4 18. Qe2 Bf6 19. dxc5 bxc5 20. Rd1 Ba6 21. Qh5
Qe8 22. Qxf5 Bxe5 23. Qxe5 Qxe5 24. Bxe5 Rf7 25. Rd6 Bd3 26. h4 h6 27. Rxh6 c4
28. bxc4 Rxc4 29. Rhg6 Kf8 30. Rxg7 Rxg7 31. Rxg7 a5 32. h5 Rc6 33. Rg5 a4 34.
h6 Rc1+ 35. Kh2 1-0

[Event "DVM U20 2013"]
[Site "Osnabrück GER"]
[Date "2013.12.28"]
[Round "4"]
[White "Wegmann, Simon"]
[Black "Schilz, Daniel"]
[Result "1-0"]
[Termination "normal"]
[Board "5.6"]
[WhiteElo "1705"]
[BlackElo "1481"]
[WhiteTeam "SC Erlangen"]
[BlackTeam "SK Gernsheim"]
[WhiteFideId "1270758"]
[BlackFideId "12945021"]
[EventCountry "GER"]
[EventRounds "7"]
[EventType "team-swiss"]
[EventDate "2013.12.26"]

1. e4 g6 2. Nc3 d6 3. d4 Bg7 4. Be3 Nf6 5. Nf3 Nbd7 6. h3 Nb6 7. Be2 O-O 8. Qd2
c6 9. Bh6 Be6 10. Bxg7 Kxg7 11. g4 Bc4 12. O-O-O Bxe2 13. Qxe2 Qc7 14. Rdg1
Nbd7 15. h4 b5 16. h5 b4 17. Nb1 Qa5 18. hxg6 fxg6 19. Qe3 Rh8 20. Qh6+ Kf7 21.
Ng5+ Ke8 22. Nxh7 Rxh7 23. Qxg6+ Rf7 24. Rh8+ Nf8 25. Rgh1 Nxe4 26. Rxf8+ Kd7
27. Rxf7 Qd5 28. Qf5+ Qxf5 29. Rxf5 1-0

[Event "DVM U20 2013"]
[Site "Osnabrück GER"]
[Date "2013.12.28"]
[Round "4"]
[White "Rau, Nikita"]
[Black "Bräuer, Franz"]
[Result "1/2-1/2"]
[Termination "normal"]
[Board "6.1"]
[WhiteElo "1941"]
[BlackElo "2295"]
[WhiteTeam "Hagener SV"]
[BlackTeam "Erfurter Schachklub"]
[WhiteFideId "12902543"]
[BlackFideId "24634468"]
[EventCountry "GER"]
[EventRounds "7"]
[EventType "team-swiss"]
[EventDate "2013.12.26"]

1. Nf3 Nf6 2. g3 d5 3. Bg2 e6 4. d3 b6 5. Nbd2 Bb7 6. O-O Be7 7. Qe1 c5 8. c3
Nc6 9. e4 Qc7 10. a3 a5 11. Nh4 dxe4 12. dxe4 Nd7 13. f4 Ba6 14. Rf3 g5 15.
fxg5 Nde5 16. Qe3 Nxf3+ 17. Nhxf3 e5 18. Bf1 Bxf1 19. Nxf1 O-O-O 20. Qe2 Qb7
21. Ne3 Bd6 22. Nd5 Ne7 23. Nf6 Kb8 24. Be3 Ng8 25. Nd5 Ne7 26. Nf6 Nc6 27. b4
axb4 28. axb4 cxb4 29. Nd5 Bc5 30. cxb4 Nd4 31. Nxd4 Bxd4 32. Bxd4 exd4 33. Qc4
Rhe8 1/2-1/2

[Event "DVM U20 2013"]
[Site "Osnabrück GER"]
[Date "2013.12.28"]
[Round "4"]
[White "Rieping, Heiner"]
[Black "Friedt, Marius"]
[Result "1-0"]
[Termination "normal"]
[Board "6.3"]
[WhiteElo "1900"]
[BlackElo "1920"]
[WhiteTeam "Hagener SV"]
[BlackTeam "Erfurter Schachklub"]
[WhiteFideId "24647012"]
[BlackFideId "4642830"]
[EventCountry "GER"]
[EventRounds "7"]
[EventType "team-swiss"]
[EventDate "2013.12.26"]

1. e4 c5 2. Nf3 Nc6 3. d4 cxd4 4. Nxd4 g6 5. c4 Bg7 6. Be3 Nf6 7. Nc3 O-O 8.
Be2 d6 9. O-O Bd7 10. Qd2 a5 11. a4 Nxd4 12. Bxd4 Bc6 13. Qe3 Nd7 14. Rfd1 Bxd4
15. Qxd4 Nc5 16. Qe3 Qb6 17. Ra2 Qb4 18. Rda1 Rac8 19. Nd5 Bxd5 20. exd5 Rfe8
21. Qa3 Qb6 22. Re1 e5 23. Bd1 Rc7 24. Qe3 Rce7 25. b3 f5 26. Rae2 e4 27. Kf1
Qb4 28. Bc2 Re5 29. Qg3 Rf8 30. f4 Re7 31. Qe3 Rg7 32. g3 Qb6 33. Rf2 Qd8 34.
Ke2 Qf6 35. Kd2 b6 36. Rfe2 g5 37. Rf2 gxf4 38. Rxf4 Qe5 39. Ref1 1-0

[Event "DVM U20 2013"]
[Site "Osnabrück GER"]
[Date "2013.12.28"]
[Round "4"]
[White "Hoffmann, Sascha"]
[Black "Pappert, Florian"]
[Result "1-0"]
[Termination "normal"]
[Board "6.4"]
[WhiteElo "1697"]
[BlackElo "1754"]
[WhiteTeam "Erfurter Schachklub"]
[BlackTeam "Hagener SV"]
[WhiteFideId "24668931"]
[EventCountry "GER"]
[EventRounds "7"]
[EventType "team-swiss"]
[EventDate "2013.12.26"]

1. e4 e5 2. Nf3 Nf6 3. Nc3 Bb4 4. d3 d6 5. Be2 O-O 6. O-O c6 7. Bd2 Re8 8. Re1
d5 9. a3 Bc5 10. h3 d4 11. Nb1 Qb6 12. b4 Bd6 13. c3 c5 14. cxd4 cxd4 15. Qc2
Bd7 16. Rc1 Nc6 17. Be1 Rac8 18. Qd1 a5 19. bxa5 Nxa5 20. Bxa5 Qxa5 21. Nbd2
Rxc1 22. Qxc1 Rc8 23. Nc4 Qa6 24. Qb2 Rc5 25. a4 Ne8 26. Bd1 Be6 27. Nfd2 Bc7
28. Qb4 Rc6 29. Rb1 Nd6 30. Bb3 Nxc4 31. Bxc4 Bxc4 32. Nxc4 g6 33. a5 Kg7 34.
Qxb7 Qxb7 35. Rxb7 Rc5 36. a6 Bd8 37. a7 1-0

[Event "DVM U20 2013"]
[Site "Osnabrück GER"]
[Date "2013.12.28"]
[Round "4"]
[White "Balazs, Kata"]
[Black "Reichardt, Albert"]
[Result "0-1"]
[Termination "normal"]
[Board "6.5"]
[WhiteElo "1555"]
[BlackElo "1629"]
[WhiteTeam "Hagener SV"]
[BlackTeam "Erfurter Schachklub"]
[WhiteFideId "12922773"]
[BlackFideId "12927821"]
[EventCountry "GER"]
[EventRounds "7"]
[EventType "team-swiss"]
[EventDate "2013.12.26"]

1. d4 Nf6 2. c4 c5 3. d5 b5 4. cxb5 a6 5. bxa6 Bxa6 6. b3 g6 7. Nd2 Nxd5 8. Bb2
Nf6 9. Bxf6 exf6 10. Qc2 d5 11. e3 Bxf1 12. Nxf1 Nc6 13. Nf3 Nb4 14. Qd2 Bg7
15. a4 f5 16. Rb1 Qa5 17. Ng3 Nd3+ 18. Ke2 Nb4 19. Rhd1 Qa6+ 20. Ke1 O-O 21.
Qe2 Qd6 22. Kf1 Rfe8 23. Qd2 Rad8 24. Ne2 Qb6 25. Ne1 Bh6 26. Qc3 Bg7 27. Qd2
d4 28. exd4 Bxd4 29. Nxd4 Rxd4 30. Qc3 Red8 31. Rxd4 Rxd4 32. Nf3 Rd3 33. Qc4
Qd6 34. Rc1 Rd5 35. a5 Na6 36. h3 Nb4 37. Re1 Qc6 38. Re7 Kf8 39. Ne5 Qd6 40.
Rxf7+ Kg8 41. f4 Rd1+ 42. Ke2 Qd2+ 43. Kf3 Nd5 44. Rf8+ Kg7 45. Rf7+ Kh6 46.
Qxc5 Qxf4+ 47. Ke2 Qf1# 0-1

[Event "DVM U20 2013"]
[Site "Osnabrück GER"]
[Date "2013.12.28"]
[Round "4"]
[White "Meichsner, Marwin"]
[Black "Vogel, Jannis"]
[Result "1-0"]
[Termination "normal"]
[Board "6.6"]
[WhiteElo "1515"]
[BlackElo "1513"]
[WhiteTeam "Erfurter Schachklub"]
[BlackTeam "Hagener SV"]
[WhiteFideId "12927830"]
[BlackFideId "4635744"]
[EventCountry "GER"]
[EventRounds "7"]
[EventType "team-swiss"]
[EventDate "2013.12.26"]

1. d4 Nf6 2. c4 g6 3. Nc3 Bg7 4. e4 d6 5. Nf3 O-O 6. Be2 Nbd7 7. O-O e5 8. d5
Nc5 9. Qc2 a5 10. Be3 Ne8 11. Nd2 f5 12. f3 f4 13. Bf2 b6 14. a3 Bd7 15. b4 Nb7
16. Rfc1 Qe7 17. Na2 axb4 18. axb4 Nf6 19. c5 bxc5 20. bxc5 Nxc5 21. Bxc5 dxc5
22. Qxc5 Qxc5+ 23. Rxc5 Rfc8 24. Rcc1 Ne8 25. Nb4 Bf8 26. Rab1 Bxb4 27. Rxb4
Ra2 28. Rd1 Nd6 29. Bc4 Rc2 30. Bf1 Ra8 31. Bd3 Rca2 32. Nc4 Ra1 33. Rxa1 Rxa1+
34. Kf2 Ra2+ 35. Rb2 Rxb2+ 36. Nxb2 Bb5 37. Bxb5 Nxb5 38. Nd3 Kg7 39. Nxe5 Kf6
40. Nd3 g5 41. Ke1 Nd4 42. Kd2 Ke7 43. Kc3 Nb5+ 44. Kb4 Nd6 45. Kc5 Kd8 46. Ne5
Nb7+ 47. Kb5 Nd6+ 48. Kc6 h5 49. Ng6 Nc8 50. Nf8 Ne7+ 51. Kb7 h4 52. Ne6+ Kd7
53. Nxc7 h3 54. gxh3 Ng6 55. Ne6 Ne5 56. Nxg5 Kd6 57. h4 1-0

[Event "DVM U20 2013"]
[Site "Osnabrück GER"]
[Date "2013.12.28"]
[Round "4"]
[White "Fritsche, Oliver"]
[Black "Peng, Xiang-Tobias"]
[Result "1/2-1/2"]
[Termination "normal"]
[Board "7.1"]
[WhiteElo "1850"]
[BlackElo "1936"]
[WhiteTeam "SK Doppelbauer Kiel"]
[BlackTeam "Heilbronner SV"]
[WhiteFideId "12913650"]
[BlackFideId "12964328"]
[EventCountry "GER"]
[EventRounds "7"]
[EventType "team-swiss"]
[EventDate "2013.12.26"]

1. e4 e5 2. Nf3 Nc6 3. Bb5 Nf6 4. O-O Nxe4 5. d4 Nd6 6. Bxc6 dxc6 7. dxe5 Nf5
8. Qxd8+ Kxd8 9. Nc3 Ke8 10. h3 h5 11. b3 Be7 12. Ne4 Be6 13. Nfg5 Rh6 14. Rd1
Rg6 15. Bf4 Nh4 16. Nxe6 Rxe6 17. Bg3 Nf5 18. f4 Ne3 19. Rd2 h4 20. Bh2 f5 21.
Kf2 Nd5 22. c4 Nxf4 23. Bxf4 fxe4 24. Ke3 g5 25. Bh2 g4 26. Bf4 Bb4 27. Re2 Bc3
28. Rf1 Bxe5 29. Bxe5 Rxe5 30. Kf4 Re7 31. Rxe4 Rxe4+ 32. Kxe4 gxh3 33. gxh3
Rd8 34. Ke3 Ke7 35. Rf4 Rh8 36. Kd4 Rh5 37. a4 c5+ 38. Ke4 Ke6 39. Rg4 Kf6 40.
Rf4+ Ke6 41. Rg4 1/2-1/2

[Event "DVM U20 2013"]
[Site "Osnabrück GER"]
[Date "2013.12.28"]
[Round "4"]
[White "Wenninger, Patrick"]
[Black "Beeck, Mats"]
[Result "1-0"]
[Termination "normal"]
[Board "7.2"]
[WhiteElo "1698"]
[BlackElo "1840"]
[WhiteTeam "Heilbronner SV"]
[BlackTeam "SK Doppelbauer Kiel"]
[WhiteFideId "12927880"]
[BlackFideId "12936944"]
[EventCountry "GER"]
[EventRounds "7"]
[EventType "team-swiss"]
[EventDate "2013.12.26"]

1. d4 Nf6 2. c4 g6 3. Nc3 Bg7 4. e4 d6 5. Nf3 O-O 6. g3 c5 7. Bg2 Nc6 8. d5 Na5
9. Nd2 a6 10. O-O Rb8 11. a4 Bd7 12. Qe2 Qc7 13. Ra3 Rfc8 14. f4 Ne8 15. Nf3 b5
16. cxb5 axb5 17. Nxb5 Bxb5 18. axb5 c4 19. Bh3 Rd8 20. Be3 Rxb5 21. Nd4 Rc5
22. Nc6 Nxc6 23. Bxc5 Rb8 24. dxc6 Rxb2 25. Qxc4 Qxc6 26. Bd7 Qxd7 27. Bd4 Rb8
28. Bxg7 Kxg7 29. Qd4+ f6 30. Ra7 Rb7 31. Rfa1 h5 32. Kg2 Kf8 33. Rxb7 Qxb7 34.
Ra7 Qc6 35. Qa4 Qxa4 36. Rxa4 Ng7 37. Kf3 Kf7 38. Ke3 Ne6 39. f5 Nc5 40. fxg6+
Kxg6 41. Ra8 Kg7 42. Kf4 Ne6+ 43. Ke3 Kf7 44. Kd3 Nc5+ 45. Ke3 Ne6 46. Ra5 Nc5
47. Rb5 Kg6 48. Kd4 Ne6+ 49. Kc4 Nc5 50. Kd5 Kg5 51. Ra5 h4 52. gxh4+ Kxh4 53.
Ra7 1-0

[Event "DVM U20 2013"]
[Site "Osnabrück GER"]
[Date "2013.12.28"]
[Round "4"]
[White "Pluska, Alexander"]
[Black "Biefel, Christian"]
[Result "1-0"]
[Termination "normal"]
[Board "7.3"]
[WhiteElo "1873"]
[BlackElo "1764"]
[WhiteTeam "SK Doppelbauer Kiel"]
[BlackTeam "Heilbronner SV"]
[WhiteFideId "12975141"]
[BlackFideId "24692646"]
[EventCountry "GER"]
[EventRounds "7"]
[EventType "team-swiss"]
[EventDate "2013.12.26"]

1. d4 d5 2. c4 e6 3. Nf3 Nf6 4. Nc3 Be7 5. e3 O-O 6. Bd3 dxc4 7. Bxc4 b6 8. O-O
Bb7 9. b3 c5 10. Bb2 a6 11. Qe2 b5 12. Bd3 Nc6 13. dxc5 Nb4 14. Rfd1 Qc7 15.
Rac1 Nxd3 16. Rxd3 b4 17. Na4 Bc6 18. Be5 Qb6 19. Nd4 Ne4 20. Nxc6 Qxc6 21. f3
f6 22. Bd4 Ng5 23. e4 e5 24. Be3 Ne6 25. Rcd1 Qb5 26. Qc2 Rac8 27. Rc1 Rc7 28.
Qc4 Kf7 29. Rd5 Qxc4 30. Rxc4 a5 31. c6 Ra8 32. Bb6 Rcc8 33. Rxa5 Rxa5 34. Bxa5
Nd4 35. c7 Nb5 36. Bxb4 Rxc7 37. Rxc7 Nxc7 38. Bxe7 Kxe7 39. Kf2 Kd6 40. Ke3
Ne6 41. Nc3 Kc5 42. Nd5 Nd4 43. Kd3 h5 44. h4 Nb5 45. b4+ Kc6 46. a4 Nd6 47.
Ne7+ Kb6 48. Nf5 Ne8 49. Kc4 g6 50. Ne7 g5 51. hxg5 fxg5 52. Kd5 1-0

[Event "DVM U20 2013"]
[Site "Osnabrück GER"]
[Date "2013.12.28"]
[Round "4"]
[White "Mikeler, Marcel"]
[Black "Wanner, Lukas"]
[Result "1/2-1/2"]
[Termination "normal"]
[Board "7.4"]
[WhiteElo "1729"]
[BlackElo "1729"]
[WhiteTeam "Heilbronner SV"]
[BlackTeam "SK Doppelbauer Kiel"]
[WhiteFideId "12927856"]
[BlackFideId "12918148"]
[EventCountry "GER"]
[EventRounds "7"]
[EventType "team-swiss"]
[EventDate "2013.12.26"]

1. d4 d5 2. c4 c6 3. Nc3 Nf6 4. Nf3 g6 5. g3 Bg7 6. Bg2 O-O 7. O-O Nbd7 8. b3
a6 9. Re1 b5 10. cxd5 cxd5 11. Ne5 Bb7 12. Bb2 Rc8 13. Rc1 e6 14. Qd3 Nxe5 15.
dxe5 Nd7 16. f4 Qb6+ 17. e3 Nc5 18. Qd2 Rfd8 19. Ne2 a5 20. Bd4 Bf8 21. Rc2 Rc6
22. Rec1 Rdc8 23. h3 b4 24. Kh2 Ba6 25. Ng1 Qb7 26. g4 R8c7 27. Bf3 Qc8 28. Bd1
Bb5 29. Be2 Bxe2 30. Nxe2 Kg7 31. Bxc5 Bxc5 32. Nd4 Bxd4 33. Rxc6 Rxc6 34. Rxc6
Qxc6 35. exd4 Qc3 36. Qf2 Qd3 37. Qh4 Qd2+ 38. Kh1 Qxf4 39. Qd8 Qxd4 40. Qf6+
Kh6 41. Qh4+ 1/2-1/2

[Event "DVM U20 2013"]
[Site "Osnabrück GER"]
[Date "2013.12.28"]
[Round "4"]
[White "Rieper, Julian"]
[Black "Ignatov, Dmitriy"]
[Result "1-0"]
[Termination "normal"]
[Board "7.5"]
[WhiteElo "1674"]
[BlackElo "1706"]
[WhiteTeam "SK Doppelbauer Kiel"]
[BlackTeam "Heilbronner SV"]
[WhiteFideId "12936960"]
[BlackFideId "12927872"]
[EventCountry "GER"]
[EventRounds "7"]
[EventType "team-swiss"]
[EventDate "2013.12.26"]

1. e4 c6 2. d4 d5 3. exd5 cxd5 4. Bd3 Nc6 5. c3 Nf6 6. Bf4 e6 7. Nf3 Bd6 8.
Bxd6 Qxd6 9. O-O Bd7 10. Re1 O-O 11. Nbd2 Rac8 12. Ne5 a5 13. f4 Ne7 14. a4 Qb6
15. Qc2 Nc6 16. Ndf3 Nb4 17. Qb3 Rfd8 18. cxb4 axb4 19. Rec1 Ne4 20. Nxd7 Rxc1+
21. Rxc1 Rxd7 22. Rc8+ Rd8 23. Qxb4 Qxb4 24. Rxd8+ Qf8 25. Rxf8+ Kxf8 26. b4
1-0